| 000 | 00551cam a2200145 4500500 | ||
|---|---|---|---|
| 005 | 20251012021644.0 | ||
| 041 | _afre | ||
| 042 | _adc | ||
| 100 | 1 | 0 |
_aMusco, Jonas _eauthor |
| 245 | 0 | 0 | _aMaxime Martignon Publier le lointain à l’époque de Louis XIV Actualité, colonies et littérature. Les Indes savantes, 2024, 420 pages, 33 €. |
| 260 | _c2025. | ||
| 500 | _a13 | ||
| 786 | 0 | _nÉtudes | Avril | 4 | 2025-03-24 | p. 131-132 | 0014-1941 | |
| 856 | 4 | 1 | _uhttps://shs.cairn.info/revue-etudes-2025-4-page-131a?lang=fr&redirect-ssocas=7080 |
| 999 |
_c1539000 _d1539000 |
||